000 00578nam a2200217 u 4500
005 20230602063813.0
008 180627s2014 r 000 0 eng d
020 _a9786073120906
035 _aUPN01000225777
049 _aCG
050 4 _aPQ7298.17 L3.6
_bM3.7
100 1 _aGlantz, Susana,
_d1934-
_941806
245 1 0 _aMar mediterráneo /
_cSusana Glantz.
260 _aMéxico :
_bLumen,
_c2014.
300 _a118 p.
440 0 _aNarrativa
650 4 _aNovela mexicana
_94557
650 0 _aAmistad en la literatura
_910763
905 _aLibro
999 _c197873
_d197873